| 000 | 01409nam a22002177a 4500 | ||
|---|---|---|---|
| 999 |
_c8711 _d8711 |
||
| 003 | GBCCL | ||
| 005 | 20241126110656.0 | ||
| 008 | 210817b ||||| |||| 00| 0 eng d | ||
| 020 | _a9780805495805 | ||
| 020 | _a0805495800 | ||
| 040 | _chnc | ||
| 082 |
_a239 _bHOL |
||
| 245 |
_aIf God made the universe, who made God? : _b130 arguments for Christian faith / _c[compiled by the Holman Bible editorial staff]. |
||
| 260 |
_aNashville, TN : _bHolman Reference, _c2012. |
||
| 300 |
_axii, 208 pages ; _c20 cm |
||
| 500 | _ancludes index. "Note on sources: Many of the essays included in this work were originally published in The apologetics study Bible (Nashville: B & H Publishing Group, 2007)--t.p. verso. " ... 130 essays written in defense of the Christian faith. Contributors include some of the pre-eminent apologists of our time, from Lee Strobel and Charles Colson to Hank Hanegraaff, J.P. Moreland, and Ravi Zacharias."--Back cover. | ||
| 505 | _a pt. 1. Apologetics: introductory issues -- pt. 2. The existence of God -- pt. 3. The Scriptures: their origin, history, and accuracy -- pt. 4. Jesus Christ -- pt. 5. Theology -- pt. 6. Science and faith -- pt. 7. Ethics -- pt. 8. Heaven, Hell, and the spiritual realm -- pt. 9. Cults and world religions -- pt. 10. Evangelism. | ||
| 650 |
_aHolman Bible Publishers (Nashville, Tenn.) _915362 |
||
| 650 |
_a Apologetics. _985 |
||
| 942 |
_2ddc _cBK _09 |
||